000 00614nam a2200217 a 4500
005 20140310183446.0
008 081003s19uu xx 00 eng d
020 _a9780323039055
050 _aRT 90
_b.R43 2007
100 _aRedman, Barbara Klug
245 _aThe practice of patient education :
_ba case study approach.
250 _a10th ed.
260 _aSt. Louis, Missouri :
_bMosby Elsevier,
_c2007.
300 _a157 p. :
_bill. ;
_c26 cm.
521 _aNUR
650 _aNursing Books.
650 _aPatient education.
650 _aNurse and patient.
942 _cBK
_2lcc
_kFOR
999 _c23248
_d23248